Loading...
| Fine Arts - Auditory Fine Arts | 1 | 4 | 1 | 0 | 50 | 48 | 78.40 | 3 | 5 |
| Fine Arts - Visual Fine Arts | 1 | 2 | 0 | 0 | 35 | 59 | 90.67 | 2 | 3 |
| Fine Arts - Other Fine Arts | 1 | 2 | 0 | 1 | 35 | 50 | 90.33 | 2 | 3 |
| Mythology | 0 | 2 | 0 | 2 | 20 | 142 | 144.50 | 0 | 2 |
| Literature - European Literature | 1 | 0 | 1 | 0 | 10 | 45 | 45.00 | 1 | 1 |
| Literature - American Literature | 0 | 1 | 0 | 1 | 10 | 143 | 143.00 | 0 | 1 |
| Pop Culture | 0 | 1 | 0 | 0 | 10 | 118 | 118.00 | 0 | 1 |
| Science - Biology | 0 | 1 | 0 | 0 | 10 | 64 | 64.00 | 1 | 1 |
| Literature - British Literature | 0 | 0 | 1 | 0 | -5 | 0.00 | 0 | 0 | |
| Science - Other Science | 0 | 0 | 1 | 0 | -5 | 0.00 | 0 | 0 |